00907nam a22002535a 45000050016000000080041000160100027000570200026000840200023001100350013001330370015001460400018001610820016001791000019001952450087002142600071003012700064003723000026004364900029004625040041004916500049005326500030005816500042006112009081006166.0090121s2009 ii b 000 0 eng d aENG-94691 B-464453 a9788188965441c250.00 a8188965448c250.00 aEN-78224 aDBAD / PUB adplbEnglish  a330.0820954 aGhosh, Jayati. aNever done and poorly paid :bwomen's work in globalising India /cby Jayati Ghosh aNew Delhi bWomen Unlimited (an associate of Kali for Women)c2009 aK-36, Hauz Khas Enclave, Ground Floor, bNew Delhi e110016 aix, 185p. c23cm(Hb)  aFeminist fine print ;v6 aIncludes bibliographical references  aWomen employeesxEconomic conditionszIndia. aWomenxEmploymentzIndia. aWomen in economic developmentzIndia.